Troeltsch
Elmentve itt :
| Szerző: | |
|---|---|
| Adatforrás: | Philobibl |
| Forrásdokumentuma: | Református Szemle 1932. p. 84-85. |
| Dokumentumtípus: | Cikk |
| Nyelv: | magyar |
| Megjelent: |
1923
|
| LEADER | 00282nab a2200109 c 4500 | ||
|---|---|---|---|
| 001 | bibPHI0034296 | ||
| 005 | 20200924123321.7 | ||
| 008 | 090506s1923 rm hun | ||
| 100 | 1 | |a Tavaszy Sándor | |
| 245 | 1 | 0 | |a Troeltsch |c Tavaszy Sándor |
| 260 | |a 1923 | ||
| 773 | 0 | |t Református Szemle |g 1932. p. 84-85. | |